Praktisches Handbuch für Kupferstichsammler oder Lexicon der Vorzüglichsten und Beliebtesten Kupferstecher, Formschneider und Lithographen ... (Record no. 3884)
[ view plain ]
| 000 -CABECERA | |
|---|---|
| campo de control de longitud fija | 00909nam a2200265 a 4500 |
| 001 - NÚMERO DE CONTROL | |
| campo de control | BRCA_4168 |
| 005 - FECHA Y HORA DE LA ÚLTIMA TRANSACCIÓN | |
| campo de control | 20190320204553.0 |
| 008 - DATOS DE LONGITUD FIJA--INFORMACIÓN GENERAL | |
| campo de control de longitud fija | 210410s1823----gw-#######---#000-0#ger-# |
| 041 ## - CÓDIGO DE LENGUA | |
| Código de lengua del texto/banda sonora o título independiente | ger |
| 044 ## - CÓDIGO DEL PAÍS DE LA ENTIDAD EDITORA/PRODUCTORA | |
| Código MARC del país | gw |
| 050 #4 - SIGNATURA TOPOGRÁFICA DE LA BIBLIOTECA DEL CONGRESO | |
| Número de clasificación | NE90 |
| Número de documento/Ítem | .H45 1 1823 |
| 100 1# - ENTRADA PRINCIPAL--NOMBRE DE PERSONA | |
| Nombre de persona | Heller, Joseph |
| Fechas asociadas al nombre | m. 1849 |
| 9 (RLIN) | 10769 |
| 245 10 - MENCIÓN DE TÍTULO | |
| Título | Praktisches Handbuch für Kupferstichsammler oder Lexicon der Vorzüglichsten und Beliebtesten Kupferstecher, Formschneider und Lithographen ... |
| Mención de responsabilidad, etc. | von Joseph Heller. |
| 260 ## - PUBLICACIÓN, DISTRIBUCIÓN, ETC. | |
| Lugar de publicación, distribución, etc. | Bamberg, Alemania |
| Nombre del editor, distribuidor, etc. | C. F. Kunz |
| Fecha de publicación, distribución, etc. | 1823 |
| 300 ## - DESCRIPCIÓN FÍSICA | |
| Extensión | viii, 231 p. (v.1) |
| Dimensiones | 18 cm. |
| 500 ## - NOTA GENERAL | |
| Nota general | Diccionario inventariado por Banco de México como libro |
| 500 ## - NOTA GENERAL | |
| Nota general | Ver también CDE17 (v.2) |
| 500 ## - NOTA GENERAL | |
| Nota general | A45 |
| 505 0# - NOTA DE CONTENIDO CON FORMATO | |
| Nota de contenido con formato | Contenido: v.1. A-I |
| 650 14 - PUNTO DE ACCESO ADICIONAL DE MATERIA--TÉRMINO DE MATERIA | |
| Término de materia o nombre geográfico como elemento de entrada | Enciclopedias y diccionarios |
| 9 (RLIN) | 9441 |
| 650 14 - PUNTO DE ACCESO ADICIONAL DE MATERIA--TÉRMINO DE MATERIA | |
| Término de materia o nombre geográfico como elemento de entrada | Grabados |
| Subdivisión de forma | Catálogos |
| 9 (RLIN) | 10348 |
| 650 14 - PUNTO DE ACCESO ADICIONAL DE MATERIA--TÉRMINO DE MATERIA | |
| Término de materia o nombre geográfico como elemento de entrada | Grabadores |
| Subdivisión de forma | Diccionarios |
| 9 (RLIN) | 10770 |
| 902 ## - CATALOGADOR | |
| Iniciales | GFM |
| 942 ## - ELEMENTOS DE PUNTO DE ACCESO ADICIONAL (KOHA) | |
| Fuente del sistema de clasificación o colocación | Library of Congress Classification |
| Tipo de ítem Koha | Libros |
| Estado de retiro | Estado de pérdida | Estado dañado | No para préstamo | Localización permanente | Ubicación/localización actual | Fecha de adquisición | Número de inventario | Total de préstamos | Signatura topográfica completa | Código de barras | Fecha visto por última vez | Precio válido a partir de | Tipo de ítem Koha |
|---|---|---|---|---|---|---|---|---|---|---|---|---|---|
| El ejemplar forma parte de la colección y puede ser consultado según las políticas vigentes. | Biblioteca del Museo Franz Mayer (Rogerio Casas-Alatriste) | Biblioteca del Museo Franz Mayer (Rogerio Casas-Alatriste) | 21/04/2010 | A45 | NE90 .H45 1 1823 (A45) | 4165 | 22/03/2019 | 22/03/2019 | Libros |